000 00572nam a22002057a 4500
003 OSt
005 20260224105623.0
008 260224b |||||||| |||| 00| 0 eng d
020 _a9780323244855
040 _cNLM
082 _aQV95 P675v 2011
100 _aPapich, Mark G.
_919540
245 _aSaunders Handbook of Veterinary Drugs: small and large animals
250 _a4th ed.
260 _aMissour; Elsevier, 2011
300 _axxvii,900p.; Col.ill: 21.5cm
504 _aAppendices, & index included
650 _aVeterinary drugs
_919541
942 _2z
_cO_SHELF
999 _c9603
_d9603